Karl Lagerfeld : un tedesco a Parigi /
Shranjeno v:
| Glavni avtor: | |
|---|---|
| Drugi avtorji: | |
| Format: | Knjiga |
| Jezik: | italijanščina |
| Izdano: |
Bologna :
Odoya,
2021
|
| Serija: | Odoya library ;
435 |
| Teme: | |
| Oznake: |
Brez oznak, prvi označite!
|
MARC
| LEADER | 00000nam a22000007i 4500 | ||
|---|---|---|---|
| 001 | IT\ICCU\TO1\0034227 | ||
| 003 | ItRI | ||
| 005 | 20260115232125.0 | ||
| 008 | 210730s2021 it |||||| |||||0|||||c | ||
| 020 | |a 9788862886734 | ||
| 040 | |b ita |c importazione bologna sebina | ||
| 041 | 7 | |a ita |2 ISO-639-2 | |
| 082 | |a 746.92092 |9 ABITI. Persone |2 23 | ||
| 100 | 1 | |a Kaiser, Alfons |0 IT\ICCU\TO1V\004538 | |
| 240 | 1 | 0 | |a Karl Lagerfeld |3 IT\ICCU\TO1\0034228 |9 Kaiser, Alfons |
| 245 | 1 | 0 | |a Karl Lagerfeld : |b un tedesco a Parigi / |c Alfons Kaiser ; traduzione di Isabella Ventura. |
| 260 | |a Bologna : |b Odoya, |c 2021 | ||
| 300 | |a 318 p. : |b ill. ; |c 21 cm | ||
| 650 | 7 | |a LAGERFELD, KARL |2 scbi | |
| 700 | 1 | |a Ventura, Isabella |0 IT\ICCU\TO1V\004546 |4 trl | |
| 830 | 0 | |a Odoya library ; |v 435 |0 IT\ICCU\RAV\1694500 | |
| 942 | |2 ddc |c BK |n 0 | ||
| 952 | |0 0 |1 0 |4 0 |6 DOC_746_920000000000000_KAI |7 0 |9 20482 |a BO |b BO |d 2026-01-15 |i 20157 |l 0 |o DOC 746.920 KAI |p BO20157 |r 2026-01-15 23:21:25 |w 2026-01-15 |x [Sebina 5] [1 v.] |y BK |z 1 v. | ||
| 999 | |c 17482 |d 17482 | ||